000 010790000a22002650004500
003 EG-GICUC
005 20250223030015.0
008 090705s1979 ua h f m 000 0 ara d
040 _aEG-GiCUC
_bara
_cEG-GiCUC
041 0 _aara
049 _aايداع
097 _aماجستير
099 _aCai01.15.02.M.Sc.1979.نا.ص
100 0 _aنازك فرج امين حبيب فرج
245 1 0 _aصحافة حزب مصرالفتاة فى الفترة من 1936 الى 1953 /
_cنازك فرج امين حبيب فرج ؛ اشراف سامى عزيز جيد
246 1 5 _aJournalism section on misr Elfatah press 1936-1955
260 _aالقاهرة :
_bنازك فرج امين حبيب فرج :
_c1979
300 _a572ورقة :
_bمثيليات ؛
_c30سم
502 _aاطروحة(ماجستير) - جامعة القاهرة - كلية الاعلام - قسم الصحافة
700 0 _aسامى عزيز جيد :
_eمشرف
856 _uhttp://172.23.153.220/th.pdf
905 _aMustafa
_eRevisor
905 _aSamia
_eCataloger
942 _2ddc
_cTH
999 _c25406
_d25406